1485 1057 1821 1470 1281 1976 1999 1455 1404 1512 1693 1989 1123 1990 1457 1513 1972 1243 1918 1648 1056 1285 1130 1282 1897 1722 1862 1134 1338 1045 1857 1738 1128 1620 1694 1244 1891 1806 1270 1554 1882 1758 1987 1728 1015 1119 1331 1700 1839 1505 1587 1283 1280 1497 1176 1718 1327 1801 1367 1638 1300 1254 1615 1090 1274 1986 1345 1338 1358 1175 1887 1593 1368 1528 1921 1117 1923 1853 1326 1991 1538 1462 1245 1508 1636 1137 1576 1737 1123 1679 1430 1265 1167 1890 1060 1094 1857 1482 1357 BCNSPRNW ULIB Ver.6.0+V

เปลี่ยนเป็นภาษาไทย

Change to English
 แสดงรายละเอียดบรรณานุกรม
  กลับหน้าหลัก

Brief Record : Get Marc (ISO 2709) : E-mail record : QR code < ปิดหน้าต่าง
LEADER : 00000nam 2200000uu 4500
001    13399111803
003     ULIB
008    110708s2543||||th 000 0 tha d
020    9747881047
050 04 DS570.4^bศ317พ 2543
110 1  คู่คิด
245 10 พระศรีสุริโยทัย วีรกษัตรีคนสำคัญแห่งกรุงศรีอยุธยา /^cคู่คิด
260    กรุงเทพฯ :^bคู่คิด,^c2543
300    117 หน้า :^bภาพประกอบ
650  7 พระศรีสุริโยทัย^xพระราชประวัติ
945    ^p75^l0^i013090
995    ทศพร
999 ^a ใช้งานได้ทุกระบบ
รายการนี้ยังไม่มีแท็ก
คุณยังไม่ได้ล็อกอิน คุณสามารถมีกิจกรรมร่วมกับเว็บไซต์ได้ แต่ต้องล็อกอินก่อน ::
  ล็อกอิน

รายการสื่อสารสนเทศ

ลำดับที่ ประเภท เลขเรียก/บาร์โค้ด สถานที่ สถานะ
- ไม่พบข้อมูล -

BibComment


ยังไม่เคยถูกคอมเมนท์

คอมเมนท์ทรัพยากรรายการนี้
  คอมเมนท์: พระศรีสุริโยทัย ว..


 Copyright 2026. Bcnsprnw @Library